| 000 | 00806nam a2200193 a 4500 | ||
|---|---|---|---|
| 001 | 000042170 | ||
| 005 | 20201002040001.0 | ||
| 008 | 131118s2013 dr 000 0 spa d | ||
| 020 | _a9789945165746 | ||
| 040 |
_aDO-SdBNP _bspa _cBNPHU |
||
| 082 |
_axxx _bM425s |
||
| 100 | 1 |
_aMateo M., Héctor E. _918250 |
|
| 245 | 1 | 0 |
_aSu corazón y su salud : _b1976-1981 / _cDr. Héctor E. Mateo M., edición al cuidado Juan de Dios Mauricio Delance. |
| 260 |
_aSanto Domingo : _bBuho, _c2013. |
||
| 300 |
_a222 p. : _bil. ; _c23 cm. |
||
| 500 | _aIncluye datos biográficos del autor en la solapa de la cubierta. | ||
| 500 | _aArtículos publicados en la columna: Su corazón y su salud que mantuvo el doctor Mateo en el periódico el Caribe desde 1976 al 1981. | ||
| 700 | 1 |
_aDelance, Juan de Dios Mauricio _eed. _969175 |
|
| 999 |
_c41659 _d41659 |
||